000 00558nam a2200193Ia 4500
005 20250508160202.0
008 008 250505s9999 xx 000 0 eng d
037 _aTextual
040 _aFEDL
_beng
_cFEDL
041 _aeng
_2eng
084 _a370.7, DES
_qFEDL
100 _aDesai K.G. Ed.
_9768071
245 0 _aVitalizing elementary teacher education
260 _aDelhi, India
_bThe Indian Association of Teacher Educators
_c1969
300 _a259p.
650 _aEducation
942 _cTEXL
_h370.7, DES
999 _c1362493
_d1362493